000 00312nam a22001217a 4500
008 230607b xxu||||| |||| 00| 0 eng d
020 _a0852557140
082 _a960
_bDAV
245 _aThe Search for Africa
_bA History in the Making
_cBasil Davidson
260 _aUnited Kingdom
300 _a373 p
942 _2ddc
_cBK
999 _c752
_d752